Shakespearean Portrayals (Slideshow) Quiz Stats

Quiz not verified by Sporcle

Challenge
Share
Tweet
Score 0/20 Timer 06:00
0 Plays Today
% Correct
Juliet
91.2%
Romeo
87.4%
Othello
79.8%
Henry V
79.1%
Hamlet
78.3%
Macbeth
73.9%
Nick Bottom
68.5%
Shylock
60.7%
Titania
58.2%
Richard III
53%
% Correct
Beatrice
51.8%
Caliban
51.2%
Viola
48%
King Lear
46.9%
Gertrude
46.2%
Katharina
46.1%
Prospera (Prospero)
44.1%
Coriolanus
39.7%
Titus Andronicus
39.2%
Dogberry
21.3%

You're not logged in!

Compare scores with friends on all Sporcle quizzes.
Sign Up with Email
OR
Log In

You Might Also Like...

Show Comments

Extras

Top Quizzes Today


Score Distribution

Your Account Isn't Verified!

In order to create a playlist on Sporcle, you need to verify the email address you used during registration. Go to your Sporcle Settings to finish the process.